| 000 | 00433nam a22001457a 4500 | ||
|---|---|---|---|
| 020 | _qPB. | ||
| 040 | _cFIZZA ISHAQ | ||
| 082 |
_a612 _bMAR |
||
| 100 |
_aMarieb, Elaine. _9133806 |
||
| 245 |
_aEssentials of Human Anatomy and Physiology / _c Elaine Marieb. |
||
| 250 | _aIllustrated, 4th ED. | ||
| 260 |
_aNew York: _bBenjamin/Cummings Publishing Company,Inc _c1194. |
||
| 300 |
_a216 P. ; _c10.88 x 8.63 x 0.78 in |
||
| 942 |
_2ddc _cBK |
||
| 999 |
_c616774 _d616774 |
||